00867cam a22002534a 45000010009000000050017000090080041000260100017000670200028000840400018001120420008001300500015001380820014001531000023001672450041001902500012002312600041002433000053002845000020003375050074003576500020004318560087004518560075005381308347020210414113903.0030205s2004 maua 001 0 eng  a 2003043047 a007254936X (alk. paper) aDLCcDLCdDLC apcc00aHB172.C55800a338.52211 aColander, David C.10aMicroeconomics /cDavid C. Colander. a5th ed. aBoston :bMcGraw-Hill Irwin,cc2004. axxiv, 467 + various pagings :bcol. ill. ;ccm. aIncludes index. aContents: Introduction: Thinking like an economist -- Microeconomics. 0aMicroeconomics.423Publisher descriptionuhttp://www.loc.gov/catdir/description/mh031/2003043047.html413Table of contentsuhttp://www.loc.gov/catdir/toc/mh031/2003043047.html